000 00761nam a22002055i 4500
001 165698
003 ES-MaACL
005 20250804062757.0
008 991007s1861 fr |||| | fre d
040 _aCCPB | B
_bspa
_cCCPB | B
100 1 _aSpinoza, Benedictus de
_9107750
245 1 0 _aOeuvres de Spinoza /
_ctraduites par Emile Saisset ; avec une introduction critique.
250 _aNouvelle ed. rev. et augm.
260 _aParis :
_bCharpentier, Libraire-editeur,
_c1861.
300 _a3 v. ;
_c18 cm.
650 7 _aFilosofía
_2embne
_912802
700 1 _aSaisset, Émile,
_d1814-1863
_9101616
852 _aES-MaACL
_jF-4168-70
_z-- Enc. cart.
_x-- Completar T260: (P.A. Bourdier) -- T300: Son tres volúmenes
999 _c165698
_d165698